Les noms d'oiseaux par lettres -Pa à Ph - Statistiques

Statistiques générales
  • Ce quiz a été pris 55 fois
  • Le résultat moyen est 13 sur 44
Statistiques - réponses
Par images Réponse % Correct
Paon
100%
Pélican
98%
Perroquet
98%
Perruche
93%
Perdrix
85%
Palombe
78%
Petit-duc
75%
Paradisier
73%
Percnoptère
68%
Panure
63%
Phaéton
60%
Pénélope
55%
Papegeai
53%
Paroare
50%
Pétrel
45%
Percefleur
43%
Palmiste
35%
Pèrenoir
25%
Paruline
23%
Palette
10%
Padda
8%
Palicour
5%
Phalarope
5%
Phragmite
5%
Paramythie
3%
Passerin
3%
Pédionome
3%
Pépoaza
3%
Perdicule
3%
Phapitréron
3%
Phasianelle
3%
Philépitte
3%
Pachycare
0%
Pardalote
0%
Parisome
0%
Parmoptile
0%
Parophasme
0%
Peltopse
0%
Phénopèple
0%
Phénoptile
0%
Philabure
0%
Phodile
0%
Phrygile
0%
Phyllolaïs
0%
Aucun quiz correspondant
Distribution des résultats
% des personnes avec chaque résultat
Percentile par nombre de réponses
Votre historique - résultats
Vous n’avez pas pris ce quiz